| 000 | 00793nam a2200253 u 4500 | ||
|---|---|---|---|
| 005 | 20251018063905.0 | ||
| 008 | 190129s2017 r 000 0 eng d | ||
| 020 | _a9786079495053 | ||
| 035 | _aUPN01000228711 | ||
| 049 | _aCG | ||
| 050 | 4 |
_aHN25 _bF4.7 |
|
| 100 | 1 |
_aFerriss, Timothy, _d1977- _942547 |
|
| 245 | 1 | 3 |
_aLa semana laboral de 4 horas : _bno hace falta trabajar más / _cTimothy Ferriss ; tr. María Rodríguez de Vera. |
| 260 |
_aMéxico : _bRBA, _c2017. |
||
| 300 | _a478 p. | ||
| 534 |
_pTítulo original: _tThe 4 wour workweek |
||
| 650 | 4 |
_aCalidad de vida _94703 |
|
| 650 | 4 |
_aAUTORREALIZACION (PSICOLOGIA) _94106 |
|
| 650 | 4 |
_aProductividad laboral _910358 |
|
| 650 | 2 |
_aSociología industrial _96555 |
|
| 905 | _aLibro | ||
| 999 |
_c200806 _d200806 |
||